000 00298nam a22001337a 4500
008 170615b xxu||||| |||| 00| 0 eng d
020 _a0131930052
041 _aeng
080 _26TH
_a328
100 _a19
101 _aSHP
245 _aGOVERNMENT BY THE PEOPLE
_cMAGLEBY,D.B
942 _2udc
_cBK
999 _c17588
_d17588